Subcategory Sort: Africa, Europe, or South America Quiz Stats

 Plays Quiz Updated May 26, 2019

Score 0/45 Timer 05:00
8 Plays Today
% Correct
Belgium
91.3%
Brazil
89.9%
London
88.9%
Brandenburg Gate
88.9%
Chile
88.2%
Angola
87.9%
Christ the Redeemer
87.7%
Croatia
87.4%
Madrid
87.2%
Peru
87%
Estonia
86.5%
Buenos Aires
86.3%
Libya
86.3%
Colosseum
85.4%
Iceland
85.4%
Machu Picchu
85.3%
Paraguay
85.2%
Mount Kilimanjaro
84.9%
Lima
84.9%
Bratislava
82.8%
Mali
82.1%
Caracas
82%
Togo
80.7%
% Correct
Moldova
78.8%
Riga
78.5%
Victoria Falls
78.2%
Quito
78.1%
Dakar
76.5%
Great Mosque of Djenné
76%
Suriname
75.8%
Matterhorn
74.5%
Iguazu Falls
74.4%
Abuja
74.1%
Cliffs of Moher
73%
Seychelles
71.1%
Table Mountain
70.1%
Nazca Lines
69.9%
Harare
69.7%
Ouagadougou
67.9%
Tirana
65.5%
Georgetown
64.9%
Gaborone
62.7%
Alhambra
56.6%
Salar de Uyuni
52.3%
Karnak
36.9%

You're not logged in!

Compare scores with friends on all Sporcle quizzes.
OR
Log In

Sporcle TV

Today on Sporcle TV


Watch our educational content, quiz creation guides, and fun videos on Sporcle TV.

Show Comments

Extras

Top Quizzes Today


Score Distribution

Your Account Isn't Verified!

In order to create a playlist on Sporcle, you need to verify the email address you used during registration. Go to your Sporcle Settings to finish the process.

Report this User

Report this user for behavior that violates our Community Guidelines.

Details: